Multiples of 8 Quiz - Statistics

General Stats
  • This quiz has been taken 260 times
  • The average score is 24 of 25
Answer Stats
Answer % Correct
16
99%
24
99%
8
99%
72
98%
32
97%
40
97%
48
97%
56
97%
64
97%
80
97%
88
97%
104
96%
112
96%
120
96%
128
96%
136
96%
144
96%
152
96%
160
96%
168
96%
96
96%
176
95%
184
95%
192
95%
200
95%
No matching quizzes found
Score Distribution
Percent of People with Each Score
Percentile by Number Answered
Your Score History
You have not taken this quiz